MLS Team Logo Quiz - Statistics

General Stats
  • This quiz has been taken 2,142 times
    647 since last reset
  • The average score is 18 of 30
Answer Stats
Picture Answer % Correct
Atlanta United FC
82%
Inter Miami CF
82%
LA Galaxy
80%
Chicago Fire FC
75%
Austin FC
74%
LAFC
71%
New York Red Bulls
71%
Colombus Crew
70%
Charlotte FC
69%
DC United
67%
FC Dallas
67%
FC Cincinnati
66%
Nashville SC
66%
NYCFC
65%
Houston Dynamo FC
61%
Portland Timbers
61%
Colorado Rapids
59%
Seattle Sounders FC
58%
Vancouver Whitecaps FC
56%
CF Montréal
55%
Real Salt Lake
55%
Toronto FC
55%
Minnesota United
51%
New England Revolution
50%
Orlando City SC
49%
Philadelphia Union
49%
Sporting Kansas City
49%
San Diego FC
37%
San Jose Earthquakes
37%
St Louis City SC
32%
No matching quizzes found
Score Distribution
Percent of People with Each Score
Percentile by Number Answered
Your Score History
You have not taken this quiz since the last reset